Complexity and evolution /

Bibliographic Details
Main Author: Pettersson, Max
Format: Book
Language:English
Published: Cambridge [England] ; New York : Cambridge University Press, 1996.
Subjects:

MARC

Tag First Indicator Second Indicator Subfields
LEADER 00000cam a2200000 a 4500
001 in00001333765
005 20151005090757.0
008 960321s1996 enkab b 001 0 eng
010 |a  96015186  
015 |a GB96-78960 
019 |a 35831939 
020 |a 052145400X (hbk.) 
035 |a (OCoLC)34543726 
035 |9 AHE1928AM 
040 |a DLC  |c DLC  |d C#P  |d UKM  |d TXA  |d UtOrBLW 
049 |a TXAM 
050 0 0 |a Q158.5  |b .P47 1996 
082 0 0 |a 003/.7  |2 20 
100 1 |a Pettersson, Max. 
245 1 0 |a Complexity and evolution /  |c Max Pettersson. 
264 1 |a Cambridge [England] ;  |a New York :  |b Cambridge University Press,  |c 1996. 
300 |a xiii, 143 pages :  |b illustrations, map ;  |c 24 cm. 
336 |a text  |b txt  |2 rdacontent 
337 |a unmediated  |b n  |2 rdamedia 
338 |a volume  |b nc  |2 rdacarrier 
504 |a Includes bibliographical references (pages 135-137) and index. 
650 0 |a Science. 
653 0 |a Science 
999 |a MARS 
999 f f |s 8d60ff6b-45bd-3ff2-bd7b-d72e6058b24b  |i adf24bcc-95fc-3698-93a1-eba8797e546e  |t 0 
952 f f |p ric  |a Texas A&M University  |b Rellis Campus  |c Joint Library Facility  |d Remote Storage  |t 0  |e Q158.5 .P47 1996  |h Library of Congress classification  |i unmediated -- volume  |m A14820603281 
998 f f |a Q158.5 .P47 1996  |t 0  |l Remote Storage